Artificial Intelligence : (Record no. 180825)

MARC details
000 -LEADER
fixed length control field 00629nam a22001937a 4500
005 - DATE AND TIME OF LATEST TRANSACTION
control field 20210819123807.0
010 ## - LCCN (DPL NO)
LC control number ENG-129759
020 ## - INTERNATIONAL STANDARD BOOK NUMBER
Terms of availability 300.00
International Standard Book Number 978-81-947069-7-7
035 ## - SYSTEM CONTROL NUMBER
System control number EN-113291
037 ## - SOURCE OF ACQUISITION
Source of stock number/acquisition DBAD/PUB
082 ## - DEWEY DECIMAL CLASSIFICATION NUMBER
Classification number 006.3
100 ## - MAIN ENTRY--PERSONAL NAME
Personal name Nesamani, S. Leena
245 ## - TITLE STATEMENT
Title Artificial Intelligence :
Statement of responsibility, etc S. Leena Nesamani, R. Rajalakshmi, V. R. Niveditha, I. S. Beschi
250 ## - EDITION STATEMENT
Edition statement 2021
260 ## - PUBLICATION, DISTRIBUTION, ETC. (IMPRINT)
Place of publication, distribution, etc Channai
Name of publisher, distributor, etc Jupiter Publications Consortium
Date of publication, distribution, etc 2021
270 ## - ADDRESS
City Chennai
Address 22/102, Second Street, Virugambakkam
Electronic mail address director@jpc.in.net
300 ## - PHYSICAL DESCRIPTION
Extent 179p.
Dimensions 21cm (pbk)
942 ## - ADDED ENTRY ELEMENTS (KOHA)
Source of classification or shelving scheme Dewey Decimal Classification
Item type English Books
Call number prefix NES
Classification part 006.3
Holdings
Withdrawn status Lost status Not for loan Collection code Home library Current library Date acquired Source of acquisition Cost, normal purchase price Full call number Barcode Copy number Cost, replacement price Koha item type
      Non-fiction Sarojini Nagar Sarojini Nagar 19/08/2021 DBAD/PUB 300.00 006.3 EN-113291 1 300.00 English Books

© Delhi Public Library
Hit Counter
free hit counter